Entry Personal Name
Number of records used in: 6
001 - CONTROL NUMBER
003 - CONTROL NUMBER IDENTIFIER
005 - DATE AND TIME OF LATEST TRANSACTION
- control field:
20191224131033.0
008 - FIXED-LENGTH DATA ELEMENTS
- fixed length control field:
770621n| azannaabn |b aaa
010 ## - LIBRARY OF CONGRESS CONTROL NUMBER
- LC control number:
n 77003488
035 ## - SYSTEM CONTROL NUMBER
- System control number:
(OCoLC)oca00120169
040 ## - CATALOGING SOURCE
- Original cataloging agency:
DLC
- Language of cataloging:
eng
- Description conventions:
rda
- Transcribing agency:
DLC
- Modifying agency:
DLC
- Modifying agency:
DJBF
- Modifying agency:
NmU
- Modifying agency:
OCoLC
- Modifying agency:
DLC
046 ## - SPECIAL CODED DATES
- Birth date:
1943-10-15
- Source of date scheme:
edtf
100 1# - HEADING--PERSONAL NAME
- Personal name:
Fischer, Stanley
400 1# - SEE FROM TRACING--PERSONAL NAME
- Personal name:
Fisher, Stenli
400 1# - SEE FROM TRACING--PERSONAL NAME
- Personal name:
פישר, סטנלי
670 ## - SOURCE DATA FOUND
- Source citation:
Dornbusch, R. Macroeconomics, c1978 (a.e.)
- Information found:
t.p. (Stanley Fischer, MIT)
670 ## - SOURCE DATA FOUND
- Source citation:
Dornbusch , R. Macroeconomics, c1990:
- Information found:
CIP t.p. (Stanley Fischer) data sheet (b. 10/15/43)
670 ## - SOURCE DATA FOUND
- Source citation:
Ėkonomika, 1993:
- Information found:
t.p. (Stenli Fisher)
670 ## - SOURCE DATA FOUND
- Source citation:
The transition economies after ten years, c2000:
- Information found:
t.p. (Stanley Fischer) leaf 1 (First Dep. Managing Dir., Int'l. Monetary Fund, Washington, D.C., and NBER)